AFL Premiers - Statistics

General Stats
  • This quiz has been taken 903 times
    78 since last reset
  • The average score is 119 of 129
Answer Stats
Year Team % Correct
2024 | 2025 Brisbane
100%
2001 | 2002 | 2003 Brisbane Lions
100%
1902 | 1903 | 1910 | +13 others Collingwood
100%
1925 | 1931 | 1937 | +7 others Geelong
100%
1920 | 1921 | 1932 | +10 others Richmond
97%
1909 | 1918 | 1933 South Melbourne
97%
2005 | 2012 Sydney
97%
1906 | 1907 | 1908 | +13 others Carlton
93%
1954 Footscray
93%
1961 | 1971 | 1976 | +10 others Hawthorn
93%
1900 | 1926 | 1939 | +10 others Melbourne
93%
1966 St Kilda
93%
2016 Western Bulldogs
93%
1992 | 1994 | 2006 | 2018 West Coast
90%
1997 | 1998 Adelaide
87%
1897 | 1901 | 1911 | +13 others Essendon
83%
2004 Port Adelaide
83%
1975 | 1977 | 1996 | 1999 North Melbourne
77%
1898 | 1899 | 1904 | +5 others Fitzroy
70%
No matching quizzes found
Score Distribution
Percent of People with Each Score
Percentile by Number Answered
Your Score History
You have not taken this quiz since the last reset